| 000 | 00622nam a2200205Ia 4500 | ||
|---|---|---|---|
| 003 | GCL | ||
| 008 | 140319s9999 xx 000 0 eng d | ||
| 040 |
_aGCL / _cGCL |
||
| 082 | 0 | 4 |
_a338.9 _bC P |
| 100 | 1 | _aCOALE, ANSLEY J | |
| 245 | 1 | 0 |
_aPOPULATION GROWTH AND ECONOMIC DEVELOPMENT IN LOW INCOME COUNTRIES: A CASE STUDY OF INDIA'S PROSPECTS / _cCOALE, ANSLEY J |
| 700 | 1 | _aHOOVER, EDGAR M | |
| 260 |
_a[S.N] : _bPRINCETON UNIVERSITY PRESS ، _c1996 |
||
| 300 | _a389 P | ||
| 650 | 0 | 4 | _aECONOMICS |
| 650 | 0 | 4 | _aECONOMIC DEVELOPMENT |
| 650 | 0 | 4 | _aECONOMIC GROWTH |
| 650 | 0 | 4 | _aLOW INCOME COUNTRIES |
| 942 |
_2ddc _cBK |
||
| 999 |
_c15269 _d15269 |
||